<?xml version="1.0" encoding="UTF-8"?><?xml-stylesheet type="text/xsl" href="static/style.xsl"?><OAI-PMH xmlns="http://www.openarchives.org/OAI/2.0/" xmlns:xsi="http://www.w3.org/2001/XMLSchema-instance" xsi:schemaLocation="http://www.openarchives.org/OAI/2.0/ http://www.openarchives.org/OAI/2.0/OAI-PMH.xsd"><responseDate>2026-04-13T01:54:37Z</responseDate><request verb="GetRecord" identifier="oai:www.recercat.cat:2445/162863" metadataPrefix="marc">https://recercat.cat/oai/request</request><GetRecord><record><header><identifier>oai:recercat.cat:2445/162863</identifier><datestamp>2025-11-20T10:52:28Z</datestamp><setSpec>com_2072_1057</setSpec><setSpec>col_2072_478857</setSpec><setSpec>col_2072_478917</setSpec></header><metadata><record xmlns="http://www.loc.gov/MARC21/slim" xmlns:dcterms="http://purl.org/dc/terms/" xmlns:xsi="http://www.w3.org/2001/XMLSchema-instance" xmlns:doc="http://www.lyncode.com/xoai" xsi:schemaLocation="http://www.loc.gov/MARC21/slim http://www.loc.gov/standards/marcxml/schema/MARC21slim.xsd">
   <leader>00925njm 22002777a 4500</leader>
   <datafield ind2=" " ind1=" " tag="042">
      <subfield code="a">dc</subfield>
   </datafield>
   <datafield ind2=" " ind1=" " tag="720">
      <subfield code="a">Sales Carbonell, Jordina</subfield>
      <subfield code="e">author</subfield>
   </datafield>
   <datafield ind2=" " ind1=" " tag="260">
      <subfield code="c">2020-05-28T12:41:18Z</subfield>
   </datafield>
   <datafield ind2=" " ind1=" " tag="260">
      <subfield code="c">2020-05-28T12:41:18Z</subfield>
   </datafield>
   <datafield ind2=" " ind1=" " tag="260">
      <subfield code="c">2014</subfield>
   </datafield>
   <datafield ind2=" " ind1=" " tag="260">
      <subfield code="c">2020-05-28T12:41:18Z</subfield>
   </datafield>
   <datafield ind2=" " ind1=" " tag="520">
      <subfield code="a">En el momento de redactar estas líneas (diciembre de 2013) se cumplen dos años de la publicación científica de mi hipótesis de localización del anfiteatro de Barcino, titulada "Santa María de las Arenas, Santa María del Mar y el anfiteatro romano de Barcelona" (2011), la cual tuvo una cierta repercusión mediática y, lo que es más importante, una notable recepción científica. El texto, en su formato artículo, actualmente está en curso una monografía, se publicó en la Revista d'Arqueologia de Ponent (Universitat de Lleida), una revista indexada con una rigurosa y contrastada evaluación externa, presente en las principales bases de datos científicas, repositorios digitales y bibliotecas universitarias y académicas. Se trata de una revista de Arqueología, Prehistoria e Historia Antigua muy conocida en el ámbito nacional, pero también en el internacional, pionera además por lo que respecta a su disponibilidad en internet de forma íntegra y gratuita.</subfield>
   </datafield>
   <datafield tag="653" ind2=" " ind1=" ">
      <subfield code="a">Arquitectura romana</subfield>
   </datafield>
   <datafield tag="653" ind2=" " ind1=" ">
      <subfield code="a">Barcelona (Catalunya)</subfield>
   </datafield>
   <datafield tag="653" ind2=" " ind1=" ">
      <subfield code="a">Roman architecture</subfield>
   </datafield>
   <datafield tag="653" ind2=" " ind1=" ">
      <subfield code="a">Barcelona (Catalonia)</subfield>
   </datafield>
   <datafield ind2="0" ind1="0" tag="245">
      <subfield code="a">Los 'anfiteatros' de Barcino. A propósito del artículo de L. Conde Moragues 'Hipótesis sobre la posible identificación del anfiteatro de Barcino'</subfield>
   </datafield>
</record></metadata></record></GetRecord></OAI-PMH>